Исследование форстеритовой и стеатитовой керамики на основе Алгуйского талька: Отчет о НИР; Тема: х/д 178/68

Bibliographic Details
Corporate Author: Томский политехнический институт (ТПИ) (595)
Other Authors: Усов П. Г. Петр Григорьевич (руководитель), Верещагин В. И. Владимир Иванович
Language:Russian
Published: Томск, 1970
Subjects:
Format: Book
KOHA link:https://koha.lib.tpu.ru/cgi-bin/koha/opac-detail.pl?biblionumber=161897

MARC

LEADER 00000nbm0a2200000 4500
001 161897
005 20240208101911.0
029 0 0 |a RU  |b 71043884  |f TPU 
035 |a (RuTPU)RU\TPU\book\175567 
090 |a 161897 
100 |a 20090616d1970 k y0rusy50 ca 
101 0 |a rus 
102 |a RU 
105 |a a p 001zy 
200 1 |a Исследование форстеритовой и стеатитовой керамики на основе Алгуйского талька  |e Отчет о НИР  |e Тема: х/д 178/68  |f Томский политехнический институт (ТПИ) ; руководитель П. Г. Усов ; В. И. Верещагин 
210 |a Томск  |d 1970 
215 |a 90 л. 
320 |a Библиогр.: с. 89-90. 
606 |a Керамика в целом  |2 stltpush  |3 (RuTPU)RU\TPU\subj\34758  |9 56633 
610 1 |a отчеты о НИР 
610 1 |a форстеритовые материалы 
610 1 |a стеатитовая керамика 
610 1 |a Алгуйское месторождение 
610 1 |a тальк 
610 1 |a труды учёных ТПУ 
675 |a 666.3(04)  |v 3 
675 |a 553.67(04)  |v 3 
702 1 |a Усов  |b П. Г.  |c химик  |c профессор Томского политехнического института, доктор технических наук  |f 1905-1977  |g Петр Григорьевич  |3 (RuTPU)RU\TPU\pers\7821  |4 673 
702 1 |a Верещагин  |b В. И.  |c химик-технолог  |c профессор Томского политехнического университета, доктор технических наук  |f 1942-  |g Владимир Иванович  |3 (RuTPU)RU\TPU\pers\19774  |4 673  |9 7712 
712 0 2 |a Томский политехнический институт (ТПИ)  |c (1944-1991)  |3 (RuTPU)RU\TPU\col\1123  |4 595 
801 1 |a RU  |b 63413507  |c 20090616  |g PSBO 
801 2 |a RU  |b 63413507  |c 20180420  |g RCR 
942 |c BK